| 000 | 00374cam a2200157ua 4500 | ||
|---|---|---|---|
| 003 | OSt | ||
| 008 | 250823b |||||||| |||| 00| 0 eng d | ||
| 041 | _aeng | ||
| 082 |
_a628.1 _bDES/WA |
||
| 100 | _aDeshpande, R S . | ||
| 245 | _aWater supply engineering / | ||
| 250 | _a3 / | ||
| 260 |
_aPoona : _bUnited Book Corporation , _c1963. |
||
| 300 | _a196 ; . | ||
| 942 | _cBK | ||
| 999 |
_c8705 _d8705 |
||